Things That Are Square Quiz Stats

 Plays Quiz Updated Dec 23, 2018

Support Sporcle.
Go Orange.
Score 0/20 Timer 05:00
1 Play Today
items below that are square % Correct
Dice
99.4%
Waffle
98.7%
Window Pane
97.9%
Card Table
97.3%
Brownie
97.3%
Monopoly Board
97.2%
SpongeBob SquarePants
96.5%
Scrabble Tile
95.4%
Cracker
94.4%
Chess Board
94.4%
items below that are square % Correct
Tic-Tac-Toe
94.3%
Wrestling Ring
93.9%
Sticky Notes
93.7%
Crossword Puzzle
93.2%
Floppy Disk
92%
Album Cover
89.9%
S'more
84.8%
iPod Nano
82%
Napkin
79.3%
QR Code
62.3%

From the Vault

Book of Judges

by SporcleAdmin

You could argue that these guys are the original supreme court justices.
Remove Ads.
Support Sporcle.
Get the best of Sporcle when you Go Orange. This ad-free experience offers more features, more stats, and more fun while also helping to support Sporcle. Thank you for becoming a member.

Show Comments

Extras

Top Quizzes Today


Score Distribution

Your Account Isn't Verified!

In order to create a playlist on Sporcle, you need to verify the email address you used during registration. Go to your Sporcle Settings to finish the process.

Report this User

Report this user for behavior that violates our Community Guidelines.

Details: